00901nam a2200241 a 450000100100000000500170001000800410002704000250006808200160009310000420010924500450015125000120019626000530020830000210026159000260028265000210030865000170032965000240034691000380037095201140040895201200052299900170064200003899220240514073717.0130510s1987 dr r 000 0 spa d aDO-SdBNPbspacBNPHU a155.2bI46h1 aIngenieros, José,d1877-192591660113aEl hombre mediocre /cJosé Ingenieros. a3a. ed. aSanto Domingo :bPublicaciones América,c1987. a224 p. ;c22 cm. aInventariado, 2019/BT 4aCarácter97510 0aÉtica9509 4aSeres humanos94756 aValidado. control de calidad. MFF 0010718PDaPDbPDcHDd2013-05-10iLF1l0o155.2 I46hp38992-10r2020-06-25w2020-06-25yLFPDZNo se presta 0011718PDaPDbPDcMId2018-10-09iLF1l0o155.2 I46hp38992-20r2020-06-25te. 2w2020-06-25yLFPDZNo se presta c38482d38482